Jeden z dziesięciu 12 - Statystyki

Ogólne statystyki
  • Ten quiz został rozwiązany 27 razy
  • Średni wynik to 20 z 40
Statystyki odpowiedzi
Zagadnienie Odpowiedź % Poprawnych
Proces zmniejszania objętości danych komputerowych to kompresja czy impresja? Kompresja
88%
Które dwa pierwiastki wchodzą w skład soli kuchennej? Chlor i sód
85%
Które europejskie, niemieckojęzyczne państwo jest księstwem? Liechtenstein
81%
Czy w siatkówce dozwolone jest dotknięcie piłki nogą? Tak
81%
Czy Maria Walewska była żoną Napoleona Bonaparte? Nie
77%
Z którą starożytną cywilizacją związana jest legenda o Gilgameszu? Mezopotamską
73%
Który składnik jądra atomowego został odkryty wcześniej? Proton czy neutron? Proton
73%
Ile zwrotek, wg. ustawy, ma hymn Polski? 4
69%
Jak nazywa się najwyższa góra w Układzie Słonecznym? Olympus Mons
69%
W którym roku wyzwolony został obóz śmierci Auschwitz-Birkenau? 1945
65%
Czy aktynowce to pierwiastki promieniotwórcze? Tak
65%
Czy prąd trójfazowy jest stały czy zmienny? Zmienny
65%
Która grecka litera jest w fizyce symbolem jednostki oporu elektrycznego? Omega
62%
Ku czci której rzymskiej bogini obchodzono cerealia? Ceres
58%
Imię i nazwisko której aktorki pojawia się w piosence "Autobiografia" zespołu Perfect? Poli Raksy
58%
Która aktorka wcieliła się w rolę Kaliny Jędrusik w filmie biograficznym "Bo we mnie jest seks" w reżyserii Katarzyny Klimkiewicz? Maria Dębska
54%
Czy dziennikarska nagroda Pulitzera była przyznawana przed I Wojną Światową? Nie
54%
Jaki pseudonim nosiła cygańska poetka Bronisława Wajs? Papusza
54%
Który egipski faraon wybudował świątynię skalną w Abu Simbel? Ramzes II
54%
Który kanał łączy dorzecze Wisły i dorzecze Odry? Kanał Bydgoski
50%
Dzielnica Ribeiro, most Ludwika I i stacja kolejowa Sao Bento to atrakcje którego europejskiego miasta? Porto
50%
Jak nazywał się rosyjski feldmarszałek, który w 1794 r. tłumił Powstanie Kościuszkowskie? Aleksandr Suworow
46%
Czy rosyjski pisarz i dramaturg Lew Tołstoj zmarł w Jasnej Polanie? Nie
42%
Jak nazywa się nadwodna budowla, wznoszona i zamieszkana przez bobry? Żeremie
42%
"Slawonia" to kraina historyczna leżąca na terytorium dzisiejszej Słowenii, Słowacji czy Chorwacji? Chorwacji
38%
W którym europejskim mieście powstała pierwsza na świecie kafejka internetowa? W Londynie
38%
Ile szczytów wyższych niż 8000 metrów wznosi się w Himalajach? 10
35%
Jakie imiona nosili bracia Lumier, wynalazcy kinematografu, twórcy pierwszego filmu? August i Ludwik
35%
Jakiego koloru koszule nosili ochotnicy Garibaldiego w tzw. "wyprawie tysiąca na Sycylię"? Czerwone
35%
"Jeszcze słychać śpiew i rżenie koni". Czyj wiersz kończy się takimi słowami? Krzysztofa Kamila Baczyńskiego
35%
Czy epifity, rośliny żyjące na innych roślinach, są pasożytami? Nie
35%
W muzeum w którym mieście znajduje się obraz włoskiego malarza Caravaggia "Głowa Meduzy"? We Florencji
35%
W ilu filmach o przygodach Jamesa Bonda zagrał Daniel Craig? 5
31%
Które miasto nad rzeką Hudson jest stolicą amerykańskiego stanu Nowy Jork? Albany
31%
Jaki tytuł nosi film Filipa Bajona, inspirowany biografią zapaśnika Leszka Cyganiewicza? Aria dla atlety
31%
W której miejscowości odbyły się pierwsze po II Wojnie Światowej zimowe igrzyska olimpijskie? Sankt Moritz
31%
Za panowania jakiego króla wprowadzono w Polsce Kalendarz Gregoriański? To było w 1582 r. Stefana Batorego
31%
Który kraj reprezentował zwycięzca ostatniego (stan na lipiec 2025) Konkursu Chopinowskiego z 2021 r? Kanadę
27%
Gdzie znajdują się te miejsca: "Ocean Burz" "Ocean Wilgoci" "Morze Chmur"? Na księżycu
27%
Rozenkranc i Gildenstern to postacie z której sztuki Williama Szekspira? Hamlet
12%
Nie znaleziono quizów pasujących do podanych kryteriów
Rozkład punktacji
Procent ludzi z każdym wynikiem
Percentyl według liczby udzielonych odpowiedzi
Twoja historia wyników
Nie rozwiązałeś tego quizu